Quizzes
Events
Quiz Creation
Community
Videos
Private Events
Remove Ads
Sign In
Join for FREE
Feedback
Dark Mode
Quiz Categories
Sports
Geography
Music
Movies
Television
Just For Fun
Miscellaneous
History
Literature
Language
Science
Gaming
Entertainment
Religion
Holiday
For Kids
Quiz Lab
Recent
Popular Today
Quiz Kudos Today
Editor Picks
Curator Picks
Quizzes by...
Day
Popularity
Type
Ratings
Length
Year
Community
Subscriptions
Recent Discussions
Orange Saloon
Badges
Playlists
Quests
Create
Leaderboards
Showdown
Live 5
Trivia Bingo
Activity
Puzzle Library
Sporcle Events
Private Events
Virtual Trivia
Globe League
Become a Host
Pub Owners
SporcleCon
Opinionation
Our Games
Videos
Blog
Mobile Apps
Partnerships
Remove Ads and Go Orange
Feedback
Television
TV Characters
TV Show
Sitcom
Network
Friends
Reality Shows
Cast
South Park
Star Trek
The Simpsons
Doctor Who
Television
TV Characters
TV Show
Sitcom
Network
Friends
Reality Shows
Cast
South Park
Star Trek
The Simpsons
Doctor Who
Random Quiz
Search Sporcle
×
Quiz Lab
Quiz Lab
Television
Pretty Little Liars
Click on answers out of a set of options
Click on answers out of a set of options
Multiple Choice
Best Score? Go Orange.
Pretty Little Liars Trivia (1x15) Stats
Can you choose the Pretty Little Liars Trivia from Episode 1x15?
By
wsg0518
5m
20 Questions
758 Plays
758 Plays
758 Plays
Comments
Comments
Give Quiz Kudos
Give Quiz Kudos
-
- Ratings
hide this ad
More Info
Random Order
Randomize order of answers
Randomize order of answers
Replay
Link that replays current quiz
Next Quiz
Link to next quiz in quiz playlist
You Got
0%
They Got
Avg Score
61%
Avg Friend Score
Upgrade to see
Score Distribution
Jump to the score distribution portion of the page
Score
0/20
Timer
05:00
0
Plays Today
Question
Answer
Wrong Answers
Who did A make Hanna give a ticket to the museum to?
Ella
84.6%
Byron
3.8%
Aria
3.3%
Principal Hackett
2%
Who hands out bracelets to the swim team?
Paige
82.6%
Emily
5%
the coach
2.5%
Sydney
3.4%
How do Aria and Ezra get to Philadelphia?
limo
79.2%
train
4.9%
town car
3.6%
taxi
5.3%
What does the note say on the tie Aria is wearing?
Wear Me!
76.6%
Go Out With Me?
3.7%
It's A Date?
4.6%
Put Me On!
7.4%
Why does Hanna get detention?
Skipping P.E.
74.3%
Drinking at the dance
6.7%
Skipping English
4.4%
Using her cell phone
8.3%
Who does Ella think the museum ticket came from?
Rosewood PTA
74%
Aria
7.9%
Students
4.2%
Mrs. Welch
7.3%
Who made a 'snarky' comment about Emily being gay?
Paige
73.1%
Pam
6.5%
Wilden
8.7%
Wayne
4.2%
Complete (Hanna to Caleb): 'If you're proposing we get ____________, the answers no'
matching tattoos
72.3%
married
9%
matching jackets
5.3%
hitched
6.3%
Who prevents Ella from getting to Philadelphia?
Caleb
70.7%
Hanna
12.1%
Ezra
6.3%
Spencer
3.3%
In the flashback, who is having a fight with Alison?
Spencer
69.9%
Jason
16.4%
Veronica
2.4%
Jessica
5.5%
According to Spencer, her dad doesn't know the difference between a Monet and a _______?
mojito
67.8%
Madonna
10.3%
milkshake
5.1%
Marlboro
10%
Who does Spencer ask about the photo of Alison?
Jason
65.3%
her dad
15.6%
a private detective
11.3%
Mona
1.3%
Complete: 'Yesterday you were ready to give me _____ for giving you two tickets'
tongue
57.7%
millions
11.2%
a hug
21.5%
five
3.8%
Where is the shop that the bracelets came from?
The Bead Boutique
56.3%
Silver Linings Jewlers
7.5%
The Birds and the Beads
14.6%
The Bracelet Boutique
14.5%
Who does Byron kiss in the episode?
Ella
41.2%
Meredith
46.4%
Ashley
3.6%
Jessica
1.3%
Complete: 'You're the one _________, are you going on a date?'
wearing a new shirt
41.2%
wearing new cologne
7.8%
who's all dressed up
38.8%
going to Philadelphia
5.9%
Complete: '...if I have to whole up in my room all night as your alibi, I would like to do it with ______________'
Jake Gyllenhaal
38.1%
Channing Tatum
22.8%
George Clooney
16.6%
Zac Efron
15.4%
Whose idea was it for Aria to wear a red dress?
Spencer
37.6%
Ella
10.4%
Ezra
15.4%
Hanna
30.2%
Complete: 'If it were my work, I'd show up if they put out folding chairs and ___________'
sweaty cheese
36.4%
paper plates
34.4%
chips
13.1%
Coca Cola
8.2%
Who sings the song 'Hey Na Na' which plays while Aria asks Ezra on a date?
Katie Herzig
30.9%
Britt Nicole
19%
Allie Moss
14.1%
Rachel Platten
28.6%
Quiz Playlist
Details
Report
Send in Message
Add To Playlist
More Info:
Pick the correct answer to the trivia questions from Pretty Little Liars episode 15, season 1.
Multiple Choice:
Click on answers out of a set of options
Random Order:
Randomize order of answers
Last Updated: Jun 20, 2017
Quiz Scoreboard
CHALLENGE
Sign Up to Join the Scoreboard
Show All
Scores
Hide
Comments
May contain spoilers
Recently Published
Presidents Visiting Landmarks
by Hejman
History
7m
An Introduction to Baseball
by treessimontrees
Sports
5m
Movies - When Are They Set?
by FPL_Elf
Movies
5m
More to Explore
Quiz From the Vault
Featured Blog Post
Where Did the Easter Bunny Come From?
hide this ad
You Might Also Like...
Tags
pll
Pretty Little Liars
Today's Top Quizzes in Television
Browse Television
hide this ad
Today's Top Quizzes in Pretty Little Liars
Browse Pretty Little Liars
Top Contributed Quizzes in Television
1
5-to-1: The Simpsons Families
2
One Piece Logic Puzzle
3
5-to-1: Television Doctors
4
7-to-1: TV Show Settings
5
5-to-1: Streaming Originals
6
Survivor Logic Puzzle: Heroes vs. Villains
7
Survivor Seasons
8
Survivor Season by Logo
9
One Thing in Common: Television
10
Survivor Trivia
Explore More
Trending Topics
Harry Potter
Anime
Marvel
Disney
Kpop
NBA
Crossword
Soccer
Country
Puzzle
WWE
The Office
Pokémon
Song
NFL
hide this ad
More By:
wsg0518
Quiz
Plays
Rating
Category
Featured
Created
Gossip Girl Quotes (1x02)
3,447
4.00
Television
Jan 3, 2019
Gossip Girl Quotes (1x01)
1,651
5.00
Television
Jan 3, 2019
Gossip Girl Quotes (1x03)
1,178
4.00
Television
Jan 3, 2019
Pretty Little Liars Quotes (1x17)
1,130
5.00
Television
Apr 27, 2017
Pretty Little Liars Quotes (1x13)
1,032
5.00
Television
Dec 11, 2016
Go to Creator's Profile
Score Distribution
Quiz Creator Spotlight
wsg0518
Follow
Send a Message
Quizzes Created
-
Created Quiz Play Count
-
More By This Creator
Popular Quizzes Today
1
Find the US States - No Outlines Minefield
2
Find the Countries of Europe - No Outlines Minefield
3
The Countries of the World
4
Find the US States
5
Popular People in 1961
6
US States
7
Risky Map Clicking: Biggest States A-Z
8
Movies - When Are They Set?
More Television Quizzes
Friends: The One with Every Episode
Curator's Pick
Trending Quizzes
Risky Map Clicking: Least Populous States A-Z
1-10 Letter G Words
1-10 Letter F Words
Risky Map Clicking: Next State Alphabetically
Risky Map Clicking: Biggest States A-Z
Recently Updated
Leaping Animals
pecheneg
Reality TV Shows (A-Z)
bhenderson79
Rickey Henderson's Hall of Fame Teammates
pecheneg
Champions League XIs: Arsenal
pecheneg
Quick Pick: Celebrities in WWE's Hall of Fame
aduchscher
A-Z Keypad Blitz II
pecheneg
Multiple Oscar Actors
pecheneg
Mystery Phrase Blitz: Oscar 'Best Actors'
pecheneg
F. Scott Fitzgerald Novels
LTH
Pick 3 Villains
ddd62291
Trending Topics
NBA
Marvel
Disney
Kpop
Anime
Harry Potter
Crossword
NFL
Country
WWE
Puzzle
Pokémon
Soccer
Song
The Office
Your Account Isn't Verified!
In order to create a playlist on Sporcle, you need to verify the email address you used during registration. Go to your
Sporcle Settings
to finish the process.
Report this User
Report this user for behavior that violates our
Community Guidelines
.
Details:
Send Report
Go to the Sporcle.com Mobile Site →
Comments